000 00690nam a2200205Ia 4500
003 GCL
008 140319s9999 xx 000 0 ara d
040 _aGCL /
_cGCL
082 0 4 _a818.03
_bا م
100 1 _aابراهيم فرغلى
245 1 0 _aمداد الحوار - وجوه ألمانية فى مرايا عربية /
_cابراهيم فرغلى
250 _aالاولى
260 _aالقاهرة :
_bدار العين للنشر ،
_c2006
300 _a127 ص ؛
_c19 سم
650 0 4 _aالمذكرات
650 0 4 _aالرحلات
650 0 4 _aالمانيا - وصف ورحلات
650 0 4 _aالمانيا - العادات والتقاليد
942 _2ddc
_cBK
999 _c9758
_d9758